000 00722cam a22002414a 4500
001 14205691
005 20180820071445.0
008 051220s2006 nyua 001 0 eng
010 _a 2005058924
020 _a0764134191
020 _a9780764134197
040 _aDLC
_cDLC
_dDLC
041 _aeng
042 _apcc
080 _a330
082 0 0 _a330
_222
100 1 _a52
101 _aECO
245 1 0 _aEconomics /
_cWalter J. Wessels.
906 _a7
_bcbc
_corignew
_d1
_eocip
_f20
_gy-gencatlg
942 _2ddc
_cBK
999 _c47237
_d47237